America's failure in China 1941-50

保存先:
書誌詳細
第一著者: Tsou, Tang
フォーマット: 図書
言語:Undetermined
出版事項: London The University of Chicago Press 1963
タグ: タグ追加
タグなし, このレコードへの初めてのタグを付けませんか!
Thư viện lưu trữ: Trung tâm Học liệu Trường Đại học Cần Thơ
LEADER 00450nam a2200169Ia 4500
001 CTU_91824
008 210402s9999 xx 000 0 und d
082 |a 327.73 
082 |b T882 
100 |a Tsou, Tang 
245 0 |a America's failure in China 1941-50 
245 0 |c Tang Tsou 
260 |a London 
260 |b The University of Chicago Press 
260 |c 1963 
904 |i Tuyến 
980 |a Trung tâm Học liệu Trường Đại học Cần Thơ